000 00574nam a2200205Ia 4500
005 20250326141929.0
008 250326s9999 xx 000 0 und d
020 _a81-204-0139-5
037 _aTextbook
040 _aFMSL
_beng
_cFMSL
041 _aeng
_2eng
084 _aX:97 M7
_qFMSL
100 _aSingh G P
245 0 _aIndustrial Relations and labour legislation
_cSingh G P; Sinha P R N
250 _a2nd
260 _aOxford
_bOxford, Oxford and IBH Publishing co.
_c1986
300 _a847p
942 _cTB
_hX:97 M7
999 _c1292661
_d1292661